Syntéza polysubstituovaného benzazepinónového derivátu ako potenciálneho inhibítora SARS-CoV-2 Mpro
Guardado en:
| Autor principal: | |
|---|---|
| Otros Autores: | |
| Formato: | Manuscrito Libro |
| Lenguaje: | eslovaco |
| Publicado: |
2025
|
| Materias: | |
| Acceso en línea: | http://is.stuba.sk/zp/portal_zp.pl?podrobnosti=176218 |
| Etiquetas: |
Sin Etiquetas, Sea el primero en etiquetar este registro!
|
MARC
| LEADER | 00000ntm a22000003a 4500 | ||
|---|---|---|---|
| 001 | stuzp104803 | ||
| 003 | SK-STU | ||
| 005 | 20250628212042.8 | ||
| 007 | ta | ||
| 008 | 150427s2015----xo-----f-mn---000-0-slo-d | ||
| 040 | |a STU |b slo | ||
| 041 | 0 | |a slo | |
| 100 | 1 | |a Starchoň, Samuel |u 048140 |4 aut |U FCHPT Ústav organickej chémie, katalýzy a petrochémie |T FCHPT Oddelenie organickej chémie |X 121523 |U C8140 |Y 124 |7 121523 | |
| 242 | 0 | 1 | |a Synthesis of a polysubstituted benzazepinone derivative as a potential SARS-CoV-2 Mpro inhibitor |y eng |
| 245 | 1 | 0 | |a Syntéza polysubstituovaného benzazepinónového derivátu ako potenciálneho inhibítora SARS-CoV-2 Mpro |
| 260 | |c 2025 | ||
| 650 | 4 | |a benzazepín |2 slo | |
| 650 | 4 | |a inhibítory |2 slo | |
| 650 | 4 | |a SARS-CoV |2 slo | |
| 650 | 4 | |a Mpro |2 slo | |
| 650 | 4 | |a benzazepine |2 eng | |
| 650 | 4 | |a inhibitors |2 eng | |
| 650 | 4 | |a SARS-CoV |2 eng | |
| 650 | 4 | |a Mpro |2 eng | |
| 700 | 1 | |a Caletková, Oľga |u 048140 |k Z1 |4 ths |U FCHPT Ústav organickej chémie, katalýzy a petrochémie |T FCHPT Oddelenie organickej chémie |X 25498 |U C8140 |Y 124 |7 A000025498 | |
| 856 | 4 | |u http://is.stuba.sk/zp/portal_zp.pl?podrobnosti=176218 | |